000 00299nam a22001337a 4500
008 170523b xxu||||| |||| 00| 0 eng d
020 _a9780195183283
041 _aeng
080 _a94
100 _a16
101 _aSHH
245 _aWEARNING THE PAST A HISTORY
_cKELLOG.S
942 _2udc
_cBK
999 _c13936
_d13936